Geografía comercial

Zapisane w:
Opis bibliograficzny
1. autor: Stamp, L. Dudley (Autor)
Format: Książka
Język:hiszpański
Wydane: Barcelona Labor 1963
Hasła przedmiotowe:
Etykiety: Dodaj etykietę
Nie ma etykietki, Dołącz pierwszą etykiete!

MARC

LEADER 00000nam a2200000 a 4500
001 UCU1953
003 CL-VaPUC
008 960419e19630000SP |||||||||||||||||spa|d
082 0 4 |a 330.9  |b STA  |2 21 
100 0 |a Stamp, L. Dudley  |e author  |9 357743 
245 1 0 |a Geografía comercial 
300 |a 462 p 
942 |c BK 
945 |d 19960419 00:00:00  |a cmena 
260 |a Barcelona  |b Labor  |c 1963 
650 0 |a Geografía económica   |9 267757 
650 0 |a Recursos naturales  |9 255232 
650 7 |a REGIONES ECONOMICAS  |2 CL-VaPUC  |9 357744 
650 0 |a Condiciones económicas  |9 258255 
650 0 |a Desarrollo económico y social   |9 256320 
583 |a last modification  |c 19960419 00:00:00  |k Rodrigo Vera 
999 |c 246374  |d 246372 
952 |0 0  |1 0  |4 0  |6 330_900000000000000_STA_1963  |7 0  |8 A  |9 261303  |a BIBING  |b BIBING  |d 2019-11-19  |i 1641026  |o 330.9 STA 1963  |p 1641026  |r 2025-01-20  |w 2019-11-19  |y BK  |k GEO